• 首页
  • 本馆介绍
  • 公告通知
  • 最新文献
  • 馆藏检索
  • 电子资源
  • 读者导购
  • 参考咨询
  • 我的图书馆
  • 登录
  • 详细信息显示
  • 放入我的书架
  • 预约/预借图书
  • 作者相关作品
  • 分类相关作品
  • 丛书相关作品
  • 出版社相关作品

书目信息

  • 表格格式
  • 工作单格式
  • 卡片格式
题名:
巨大突破
    
 
作者: 李静轩 编写
分册:  
出版信息: 长春   吉林出版集团有限责任公司  2011
页数: 119页
开本: 21cm
丛书名: 共和国故事
单 册:
中图分类: I253.4 , G812.8
科图分类:
主题词: 报告文学--中国--现代 , 夏季奥运会--运动成绩--简介--中国--1996
电子资源:
ISBN: 978-7-5463-1903-2
000 00997oam2 2200277 450
001 2332994856
005 20231117151339.88
010    @a978-7-5463-1903-2@dCNY29.80
100    @a20101015d2011 em y0chiy50 ea
101 0  @achi
102    @aCN@b220000
105    @ay z 000yy
200 1  @a巨大突破@Aju da tu po@e中国在亚特兰大奥运会上成绩喜人@f李静轩编写
210    @a长春@c吉林出版集团有限责任公司@d2011
215    @a119页@d21cm
225 2  @a共和国故事
330    @a本书分为热身备战、赛场搏击、载誉归来三部分,内容包括:袁伟民谈备战奥运会、中国跳水队备战奥运、刘玉栋出任中国旗手、中央领导会见奥运健儿等。
410  0 @12001 @a共和国故事
517 1  @a中国在亚特兰大奥运会上成绩喜人@9zhong guo zai ya te lan da ao yun hui shang cheng ji xi ren
606 0  @a报告文学@y中国@z现代
606 0  @a夏季奥运会@x运动成绩@x简介@y中国@z1996
690    @aI253.4@v4
690    @aG812.8@v4
701  0 @a李静轩@Ali jing xuan@4编写
801  0 @aCN@b91MARC@c20130904
905    @aZUCC@dI253.4@e60
    
    巨大突破:中国在亚特兰大奥运会上成绩喜人/李静轩编写.-长春:吉林出版集团有限责任公司,2011
    119页;21cm.-(共和国故事)
    
    
    ISBN 978-7-5463-1903-2:CNY29.80
    本书分为热身备战、赛场搏击、载誉归来三部分,内容包括:袁伟民谈备战奥运会、中国跳水队备战奥运、刘玉栋出任中国旗手、中央领导会见奥运健儿等。
●
相关链接 在五车中查询图书 在当当中查询图书 在豆瓣中查询图书


正题名:巨大突破     索取号:I253.4/60         预约/预借

序号 登录号 条形码 馆藏地/架位号 状态 备注
1 2000989974   2000989974   315书库/四40架A面6层2列/ [索取号:I253.4/60] 在馆    
2 2000989975   2000989975   315书库/四40架A面6层2列/ [索取号:I253.4/60] 在馆    
3 2000989976   2000989976   315书库/四40架A面6层2列/ [索取号:I253.4/60] 在馆    
4 2000989977   2000989977   315书库/四40架A面6层2列/ [索取号:I253.4/60] 在馆    
5 2000989978   2000989978   315书库/四40架A面6层2列/ [索取号:I253.4/60] 在馆    
6 2000989979   2000989979   315书库/四40架A面6层2列/ [索取号:I253.4/60] 在馆    
山东省滨州职业学院图书馆 欢迎您!
大连网信软件有限公司© 版权所有